Biggest concentration camps in WW2 - Statistics

General Stats
  • This quiz has been taken 43 times
  • The average score is 4 of 15
Answer Stats
Hint Answer % Correct
+1 100 000 Auschwitz
100%
41 500 Dachau
53%
+70 000 Bergen
38%
56 545 Buchenwald
26%
20 000 - 90 000 Sachsenhausen
26%
cca 78 000 Majdanek
24%
+7 000 000 000 Jasenovac
18%
+90 000 Mauthausen
18%
42 900 Neuengamme
18%
30 000 - 90 000 Ravensbrück
15%
cca 22 000 Natzweiler
12%
cca 30 000 Flossenburg
9%
63 000 - 65 000 Stutthof
9%
cca 40 000 Gross-Rosen
6%
cca 20 000 Mittelbau-Dora
6%
No matching quizzes found
Score Distribution
Percent of People with Each Score
Percentile by Number Answered
Your Score History
You have not taken this quiz